Dimmi che mi ami Junie Moon : romanzo /

Guardat en:
Dades bibliogràfiques
Autor principal: Kellogg, Marjorie
Altres autors: Faldini, Franca
Format: Llibre
Idioma:anglès
Publicat: Milano Longanesi 1968
Col·lecció:La ginestra
Etiquetes: Afegir etiqueta
Sense etiquetes, Sigues el primer a etiquetar aquest registre!

MARC

LEADER 00000nam a2200000 4500
001 CDOM0000005409
003 mi
005 20251006103844.0
008 251006b |||||||| |||| 00| 0 eng d
040 |c mi 
100 |a Kellogg, Marjorie 
245 1 |a Dimmi che mi ami Junie Moon :  |b romanzo /  |c di Marjorie Kellogg ; traduzione di Franca Faldini 
260 |a Milano  |b Longanesi  |c 1968 
300 |a 275 p.  |c 19 cm. 
490 |a La ginestra 
700 |a Faldini, Franca 
942 |2 ddc  |c BK 
952 |0 0  |1 0  |2 ddc  |4 0  |6 B_LNR02KELMADIM21  |7 0  |9 7773  |a MI  |b MI  |d 2013-01-18  |i 1790  |l 0  |o B-LNR02-KELMA-DIM21  |p CDOM1790  |r 2025-07-13 16:28:00  |w 2025-07-13  |x ACQUISTO  |y BK 
999 |c 6446  |d 6446